ELEMENTARY STATISTICAL PROCEDURES (Registro nro. 52266)
[ vista simple ]
| 000 -LEADER | |
|---|---|
| fixed length control field | 00688nam a2200193 a 4500 |
| 001 - CONTROL NUMBER | |
| control field | 52266 |
| 005 - DATE AND TIME OF LATEST TRANSACTION | |
| control field | 20180714042041.0 |
| 008 - FIXED-LENGTH DATA ELEMENTS--GENERAL INFORMATION | |
| fixed length control field | 140415s1976 ja 000 0 eng d |
| 020 ## - INTERNATIONAL STANDARD BOOK NUMBER | |
| International Standard Book Number | 0070106819 |
| 041 ## - LANGUAGE CODE | |
| Language code of text/sound track or separate title | eng |
| 082 ## - DEWEY DECIMAL CLASSIFICATION NUMBER | |
| Classification number | 519.5 |
| Item number | CHA |
| 100 1# - MAIN ENTRY--PERSONAL NAME | |
| Personal name | CHASE, CLINTON I. |
| 245 10 - TITLE STATEMENT | |
| Title | ELEMENTARY STATISTICAL PROCEDURES |
| 250 ## - EDITION STATEMENT | |
| Edition statement | 2a ed. |
| 260 ## - PUBLICATION, DISTRIBUTION, ETC. | |
| Place of publication, distribution, etc. | JAPON : |
| Name of publisher, distributor, etc. | MCGRAW HILL INC., |
| Date of publication, distribution, etc. | 1976 |
| 300 ## - PHYSICAL DESCRIPTION | |
| Extent | 1070 |
| Dimensions | 14.6 x 1.4 x 19.9 |
| 520 ## - SUMMARY, ETC. | |
| Summary, etc. | THE SECOND EDITION OF ELEMENTARY STATISTICAL PROCEDURES IS TIED TO THE SAME OBJECTIVES AS THE FIRST EDITION; HOWEVER, A NUMBER OF WAYS IN WHICH THESE OBJECTIVES ARE TO BE PURSUED HAVE BEEN ALTERED. |
| 650 14 - SUBJECT ADDED ENTRY--TOPICAL TERM | |
| Topical term or geographic name entry element | ESTADISTICA |
| Withdrawn status | Lost status | Source of classification or shelving scheme | Damaged status | Not for loan | Collection code | Home library | Current library | Shelving location | Date acquired | Source of acquisition | Inventory number | Total Checkouts | Full call number | Barcode | Date last seen | Price effective from | Koha item type |
|---|---|---|---|---|---|---|---|---|---|---|---|---|---|---|---|---|---|
| Dewey Decimal Classification | General | Biblioteca Karol Wojtyla | Biblioteca Karol Wojtyla | Sala general | 03/12/2013 | Compra | 151000000000000000039457 | 519.5 CHA | 77697 | 05/01/2026 | 03/12/2013 | Libro |